Assessing the environmental impact of road schemes. (Record no. 90835)

MARC details
000 -LEADER
fixed length control field 00897cam a2200241 4500
008 - FIXED-LENGTH DATA ELEMENTS--GENERAL INFORMATION
fixed length control field 090401t1992 xxu||||| |||| 00| 0 eng d
020 ## - INTERNATIONAL STANDARD BOOK NUMBER
International Standard Book Number 0115511032
035 ## - SYSTEM CONTROL NUMBER
System control number (Sirsi) u39742
041 ## - LANGUAGE CODE
Language code of text/sound track or separate title eng
050 ## - LIBRARY OF CONGRESS CALL NUMBER
Classification number 711.73
110 ## - MAIN ENTRY--CORPORATE NAME
Corporate name or jurisdiction name as entry element Standing Advisory Committee on Trunk Road Assessment
9 (RLIN) 2361
245 ## - TITLE STATEMENT
Title Assessing the environmental impact of road schemes.
260 ## - PUBLICATION, DISTRIBUTION, ETC.
Place of publication, distribution, etc. London
Name of publisher, distributor, etc. HMSO
Date of publication, distribution, etc. 1992
300 ## - PHYSICAL DESCRIPTION
Extent viii,148p. ; 30cm.
350 ## - PRICE (NR) (BK AM CF MU VM SE) [OBSOLETE]
Price 15
520 ## - SUMMARY, ETC.
Summary, etc. Reviews assessment methods used by the Department of Transport, examines current practices including techniques for valuing the environment and makes a number of recommendations.
650 ## - SUBJECT ADDED ENTRY--TOPICAL TERM
Topical term or geographic name entry element ENVIRONMENTAL IMPACT ASSESSMENTS
650 ## - SUBJECT ADDED ENTRY--TOPICAL TERM
Topical term or geographic name entry element PROPERTY-INFRASTRUCTURE-TRANSPORT INFRASTRUCTURE-ROAD INFRASTRUCTURE
690 ## - LOCAL SUBJECT ADDED ENTRY--TOPICAL TERM (OCLC, RLIN)
Topical term or geographic name as entry element TRANSPORT AND COMMUNICATIONS
700 ## - ADDED ENTRY--PERSONAL NAME
Personal name Wood, D.A.
International Standard Serial Number Chairman
942 ## - ADDED ENTRY ELEMENTS (KOHA)
Suppress in OPAC 0
948 ## - LOCAL PROCESSING INFORMATION (OCLC); SERIES PART DESIGNATOR (RLIN)
c (OCLC) 04/03/1997
Holdings
Withdrawn status Lost status Source of classification or shelving scheme Damaged status Not for loan Home library Current library Shelving location Date acquired Cost, normal purchase price Total Checkouts Full call number Barcode Date last seen Date last checked out Copy number Cost, replacement price Price effective from Koha item type
    Dewey Decimal Classification     London London Folio 25/03/1992 15.00 1 F711.73 30032502 06/08/2019 18/04/2000 1 15.00 06/08/2019 Book